Immoral trafficking of women and children : (Record no. 52559)
[ view plain ]
| 000 -LEADER | |
|---|---|
| fixed length control field | 02320nam a22003857a 4500 |
| 005 - DATE AND TIME OF LATEST TRANSACTION | |
| control field | 20110524122628.0 |
| 008 - FIXED-LENGTH DATA ELEMENTS--GENERAL INFORMATION | |
| fixed length control field | 110524t xxu||||| |||| 00| 0 eng d |
| 010 ## - LCCN (DPL NO) | |
| LC control number | ENG-102506 B-452327-331 |
| 020 ## - INTERNATIONAL STANDARD BOOK NUMBER | |
| International Standard Book Number | 9788184503241 |
| Terms of availability | 880.00 |
| 035 ## - SYSTEM CONTROL NUMBER | |
| System control number | EN-86039 B-452327-331 |
| 037 ## - SOURCE OF ACQUISITION | |
| Source of stock number/acquisition | DBAD / PUB |
| 037 ## - SOURCE OF ACQUISITION | |
| Source of stock number/acquisition | Virtuous Pub/Ven |
| 040 ## - CATALOGING SOURCE | |
| Original cataloging agency | dpl |
| Language of cataloging | English |
| 082 ## - DEWEY DECIMAL CLASSIFICATION NUMBER | |
| Classification number | 344.54140544 |
| 100 ## - MAIN ENTRY--PERSONAL NAME | |
| 9 (RLIN) | 27410 |
| Personal name | Goenka, Sunanda |
| 110 ## - MAIN ENTRY--CORPORATE NAME | |
| 9 (RLIN) | 27425 |
| 245 ## - TITLE STATEMENT | |
| Title | Immoral trafficking of women and children : |
| Statement of responsibility, etc | by Sunanda Goenka |
| Remainder of title | transational crime and legal process / |
| 260 ## - PUBLICATION, DISTRIBUTION, ETC. (IMPRINT) | |
| Place of publication, distribution, etc | New Delhi |
| Name of publisher, distributor, etc | Deep & Deep Publications |
| Date of publication, distribution, etc | 2011 |
| 270 ## - ADDRESS | |
| Address | F-159, Rajouri Garden |
| City | New Delhi |
| Postal code | 110027 |
| Telephone number | 25435369,25440916 |
| 300 ## - PHYSICAL DESCRIPTION | |
| Extent | xx, 247 p. |
| Dimensions | 22cm (Hb) |
| 500 ## - GENERAL NOTE | |
| General note | Includes bibliographical references and index |
| 650 ## - SUBJECT ADDED ENTRY--TOPICAL TERM | |
| 9 (RLIN) | 27411 |
| 650 ## - SUBJECT ADDED ENTRY--TOPICAL TERM | |
| 9 (RLIN) | 27412 |
| 650 ## - SUBJECT ADDED ENTRY--TOPICAL TERM | |
| 9 (RLIN) | 27426 |
| 700 ## - ADDED ENTRY--PERSONAL NAME | |
| 9 (RLIN) | 27415 |
| 942 ## - ADDED ENTRY ELEMENTS (KOHA) | |
| Institution code [OBSOLETE] | dpl |
| Item type | English Books |
| Source of classification or shelving scheme | Dewey Decimal Classification |
| Call number suffix | GOE |
| Classification part | 344.54140544 |
| Withdrawn status | Lost status | Source of classification or shelving scheme | Damaged status | Not for loan | Collection code | Home library | Current library | Date acquired | Source of acquisition | Cost, normal purchase price | Total Checkouts | Full call number | Barcode | Date last seen | Copy number | Cost, replacement price | Koha item type | Total Renewals |
|---|---|---|---|---|---|---|---|---|---|---|---|---|---|---|---|---|---|---|
| Dewey Decimal Classification | Non-fiction | Central Library | Central Library | 24/02/2012 | Virtuous Pub/686/14.10.2011/05/15.09.2011/29.11.2011 | 880.00 | 4 | 344.54140544 GOE | B-452327 | 17/08/2023 | 1 | 880.00 | English Books | 1 | ||||
| Dewey Decimal Classification | Not For Loan | Non-fiction | D.B.Act.Division | D.B.Act.Division | 24/05/2011 | DBAD / PUB | 880.00 | 344.54140544 GOE | EN-86039 | 24/05/2011 | 1 | 880.00 | English Books | |||||
| Dewey Decimal Classification | Non-fiction | Karol Bagh | Karol Bagh | 24/02/2012 | Virtuous Pub/686/14.10.2011/05/15.09.2011/29.11.2011 | 880.00 | 344.54140544 GOE | B-452330 | 24/02/2012 | 1 | 880.00 | English Books | ||||||
| Dewey Decimal Classification | Non-fiction | Patel Nagar | Patel Nagar | 24/02/2012 | Virtuous Pub/686/14.10.2011/05/15.09.2011/29.11.2011 | 880.00 | 1 | 344.54140544 GOE | B-452328 | 27/07/2019 | 1 | 880.00 | English Books | 2 | ||||
| Dewey Decimal Classification | Non-fiction | Sarojini Nagar | Sarojini Nagar | 24/02/2012 | Virtuous Pub/686/14.10.2011/05/15.09.2011/29.11.2011 | 880.00 | 1 | 344.54140544 GOE | B-452329 | 03/07/2018 | 1 | 880.00 | English Books | |||||
| Dewey Decimal Classification | Non-fiction | Shahdara Branch | Shahdara Branch | 24/02/2012 | Virtuous Pub/686/14.10.2011/05/15.09.2011/29.11.2011 | 880.00 | 4 | 344.54140544 GOE | B-452331 | 15/11/2021 | 1 | 880.00 | English Books |
